| 000 | 00475nam a22001697a 4500 | ||
|---|---|---|---|
| 999 |
_c526590 _d526590 |
||
| 003 | NUST | ||
| 020 |
_a9789695931868 _qH/B |
||
| 038 | _awaseem | ||
| 082 |
_a928 _bMOM |
||
| 100 |
_aMomi, Balbir Singh _917598 |
||
| 245 |
_aKiho Jiha Se Jeewan / _cBalbir Singh Momi |
||
| 260 |
_aLahore : _bSanjh Publications, _c2016. |
||
| 300 | _a398 p. ; | ||
| 880 |
_6100-01\r _aبلبیر سنگھ مومی |
||
| 880 |
_6245-02\r _aکیہو جیہاسی جیون ؟ / |
||
| 942 |
_2ddc _cBK |
||